000 00405nam a22001697a 4500
003 CEME
005 20210628202527.0
008 210121b xxu||||| |||| 00| 0 eng d
020 _a0-415-22854-9
040 _c.
082 _a170 RUS'H
100 _aRussell, Bertrand
_937020
245 _aHistory of western philosophy
260 _aNEW YORK
_bROUTLEDGE
_c2003
300 _a842 P
942 _cBK
_2ddc
999 _c570096
_d570096